000 00195nam a22000857a 4500
008 170124b xxu||||| |||| 00| 0 eng d
100 _92547
_aChawla.A
245 _aSound
260 _aNew Delhi
_bDP
_c2010
999 _c5642
_d5642